Language Quiz

Random Language or French Quiz

Conjugating French Verbs Quiz Stats

 Plays Quiz not verified by Sporcle

Also try: Multiple 'V' Words
Challenge
Share
Tweet
Embed
Score 0/18 Timer 05:00
0 Plays Today
Subject pronoun Conjugation % Correct
je/j'aime
99.6%
il/elleaime
99.6%
tuaimes
98.1%
vousaimez
97.3%
il/elleattend
96.4%
nousaimons
96%
ils/ellesaiment
94.6%
vousattendez
92.7%
nousattendons
91.9%
Subject pronoun Conjugation % Correct
je/j'finis
91.7%
tufinis
91.7%
ils/ellesattendent
90.7%
je/j'attends
89.6%
tuattends
89.6%
il/ellefinit
86.3%
vousfinissez
82%
nousfinissons
81.3%
ils/ellesfinissent
79.9%

You're not logged in!

Compare scores with friends on all Sporcle quizzes.
Join for Free
OR
Log In

You Might Also Like...

Show Comments

Extras

Top Quizzes Today


Score Distribution

Your Account Isn't Verified!

In order to create a playlist on Sporcle, you need to verify the email address you used during registration. Go to your Sporcle Settings to finish the process.

Report this User

Report this user for behavior that violates our Community Guidelines.

Details: